Govt. of
Madhya Pradesh

Normal view MARC view

Entry Personal Name

Number of records used in: 2

001 - CONTROL NUMBER

  • control field: 37388

003 - CONTROL NUMBER IDENTIFIER

  • control field: OSt

005 - DATE AND TIME OF LATEST TRANSACTION

  • control field: 20160209113754.0

008 - FIXED-LENGTH DATA ELEMENTS

  • fixed length control field: 160209|| aca||aabn | a|a d

040 ## - CATALOGING SOURCE

  • Original cataloging agency: OSt
  • Transcribing agency: OSt

100 ## - HEADING--PERSONAL NAME

  • Personal name: मिश्र गिरीश्‍वर

670 ## - SOURCE DATA FOUND

  • Source citation: Work cat.: (OSt)29830: मिश्र गिरीश्‍वर , समाज मनोविज्ञान के मूल आधार , 1988